A new tree biology : (Record no. 12259)

000 -LEADER
fixed length control field 00522pam a2200181 a 4500
020 ## - INTERNATIONAL STANDARD BOOK NUMBER
ISBN 0943563046 :
040 ## - CATALOGING SOURCE
Transcribing agency DLC
082 00 - DEWEY DECIMAL CLASSIFICATION NUMBER
Classification number 635 SHI 1989 A041 Or.
100 1# - MAIN ENTRY--AUTHOR NAME
Personal name Shigo, Alex L.,
245 12 - TITLE STATEMENT
Title A new tree biology :
Remainder of title facts, photos, and philosophies on trees and their problems and proper care /
250 ## - EDITION STATEMENT
Edition statement 2nd ed.
260 ## - PUBLICATION, DISTRIBUTION, ETC. (IMPRINT)
Place of publication Durham, N.H. :
Name of publisher Shigo and Trees,
Year of publication 1989.
300 ## - PHYSICAL DESCRIPTION
Number of Pages xiv, 618 p. :
Other physical details ill. ;
Dimensions 24 cm.
500 ## - GENERAL NOTE
General note Includes index.
650 #0 - SUBJECT ADDED ENTRY--TOPICAL TERM
Topical Term Trees.
650 #0 - SUBJECT ADDED ENTRY--TOPICAL TERM
Topical Term Trees, Care of.
942 ## - ADDED ENTRY ELEMENTS (KOHA)
Koha item type សៀវភៅភាសាអង់គ្លេស
952 ## - LOCATION AND ITEM INFORMATION (KOHA)
Withdrawn status [LOCAL, KOHA] 0
Holdings
Permanent Location Date acquired Koha item type Lost status Shelving location Barcode Current Location Full call number
Library Block A2017-08-11សៀវភៅភាសាអង់គ្លេស A041A21031Library Block A635 SHI 1989 A041 Or.
មជ្ឈមណ្ឌលឯការនៃសាកលវិទ្យាល័យភូមិន្ទកសិកម្មចំការដូង

Powered by Koha